000 00263nam a2200109Ia 4500
008 240625s9999 xx 000 0 und d
041 _aeng
082 _a658.15 GIT
100 _aGITMAN LAWRENCE J
245 _aPERSONAL FINANCIAL PLANNING SOFTWARE
260 _c2002
999 _c34763
_d34763